000 00416pam a2200157a 44500
008 230515b1973 xxu||||| |||| 00| 0 eng d
020 _aNULL
041 _aENGLISH
082 _a630
100 _a4804-1973
245 _aRESISTANCE WELDING EQUIPMENT PART-IV SINGLE PHASE STATIONARY PRESS TYPE ROLL SPOT AND SEAN WELDING MACHINES
250 _a0
260 _aDELHI
_bISI
_c1973
300 _a14
650 _aNULL
999 _c651896
_d651896